Pensées / (Record no. 186562)

MARC details
000 -LEADER
campo de control de longitud fija 00881nam a2200229 i 4500
001 - NÚMERO DE CONTROL
campo de control 186562
003 - IDENTIFICADOR DE NÚMERO DE CONTROL
campo de control ES-MaACL
005 - FECHA Y HORA DE LA ÚLTIMA TRANSACCIÓN
campo de control 20250716063339.0
008 - DATOS DE LONGITUD FIJA--INFORMACIÓN GENERAL
campo de control de longitud fija 161125s1943 fr |||| |dspa d
080 ## - NÚMERO DE LA CLASIFICACIÓN DECIMAL UNIVERSAL
Número de la Clasificación Decimal Universal 272-285.2(02)"16"
100 1# - ENTRADA PRINCIPAL--NOMBRE DE PERSONA
Nombre de persona Pascal, Blaise,
Fechas asociadas al nombre 1623-1662
9 (RLIN) 89307
245 10 - MENCIÓN DEL TÍTULO
Título Pensées /
Mención de responsabilidad, etc. Blaise Pascal ; edition critique établie, annotée et précédée d'une introduction par Zacharie Tourneur.
246 35 - FORMA VARIANTE DEL TITULO
Título propio/Titulo breve Pensées de Pascal
260 ## - PUBLICACIÓN, DISTRIBUCIÓN, ETC.
Lugar de publicación, distribución, etc. Paris :
Nombre del editor, distribuidor, etc. Éditions de Cluny,
Fecha de publicación, distribución, etc. [1943]
300 ## - DESCRIPCIÓN FÍSICA
Extensión 2 v. (LXI, 206 p., 348 p.) ;
Dimensiones 18 cm.
490 1# - MENCIÓN DE SERIE
Mención de serie Bibliotèque de Cluny ;
Designación de volumen o secuencia 16, 17
650 04 - PUNTO DE ACCESO ADICIONAL DE MATERIA--TÉRMINO DE MATERIA
Término de materia o nombre geográfico como elemento de entrada Apologética-
Subdivisión de forma Obras anteriores a 1800.
9 (RLIN) 9922
700 1# - ENTRADA AGREGADA--NOMBRE PERSONAL
Nombre de persona Tourneur, Zacharie.
9 (RLIN) 161376
830 0# - PUNTO DE ACCESO ADICIONAL DE SERIE-TÍTULO UNIFORME
Título uniforme Bibliotèque de Cluny ;
Designación de volumen o secuencia 16, 17
9 (RLIN) 225430
852 ## - LOCALIZACIÓN
Ubicación ES-MaACL
Número de control de estantería L-30914-15
Nota libre . - Biblioteca Jacinto Martínez Lacalle
Holdings
Estatus retirado Estado de pérdida Estado de daño No para préstamo Biblioteca de origen Biblioteca actual Ubicación en estantería Fecha de adquisición Fuente de adquisición Total de préstamos Signatura topográfica completa Código de barras Visto por última vez Precio de reemplazo Tipo de ítem Koha
        Biblioteca del Ateneo de Madrid Biblioteca del Ateneo de Madrid Depósito 2 25/11/2016     L-30914-15 1196730 23/02/2023 23/02/2023 Libro impreso